000 00681nam a2200241Ia 4500
005 20140311163059.0
008 140130s9999 xx 000 0 und d
020 _a9780590446891
050 _aQE 862.D5
_b.C694 1994
100 _aCole, Joanna.
_94006
245 _cJoanna Cole.
_aIn the time of the Dinosaurs /
260 _bScholastic Inc.,
_cc1994.
_aUSA :
300 _a48 p. :
_bcol. ill. ;
_c23 cm.
440 _v1
_aThe Magic School Bus
_931232
521 _aG2
526 _c410
650 _aDinosaurs
_xPictorial works
_xJuvenile literature.
_931233
650 _aDinosaurs.
_922042
942 _cBK
_2lcc
999 _c40276
_d40276